000 00879nam0a22002291 4500
001 rc\1033605
005 20250622084712.0
035 _a(NLR Aleph) 006196904
090 _a6225678
_c6225678
100 _a20041129d1981 |||y0rusy50 ca
101 0 _arus
102 _aRU
105 _aa |||||||||
200 1 _aПлатеро и я
_eАндалуз. элегия
_e[Для сред. и ст. шк. возраста]
_fХуан Рамон Хименес
_gПер. с исп. А. Гелескула
_g[Послесл. Г.В. Степанова]
_gРис. С. Бархина
210 _aМ.
_cДет. лит.
_d1981
215 _a127 с.
_cил.
_d17
700 1 _7ca
_8rus
_aХименес
_bХ. Р.
_cпоэт
_f1881-1958
_gХуан Рамон
_9252299
_3RU\NLR\AUTH\770252355
801 0 _aRU
_bNLR
_gpsbo
801 1 _aRU
_bELAR
_2rusmarc
852 _aNLR
_j82-2/366
942 _cBOOK
980 _aNB